From the ground up: building comprehensive HIV/AIDS care programs in resource-limited settings (Record no. 2993)

MARC details
000 -LEADER
fixed length control field 00679nam a22002177a 4500
003 - CONTROL NUMBER IDENTIFIER
control field OSt
005 - DATE AND TIME OF LATEST TRANSACTION
control field 20161003174124.0
008 - FIXED-LENGTH DATA ELEMENTS--GENERAL INFORMATION
fixed length control field 160208b xxu||||| |||| 00| 0 eng d
020 ## - INTERNATIONAL STANDARD BOOK NUMBER
International Standard Book Number 9780981757704
040 ## - CATALOGING SOURCE
Transcribing agency DNLM
082 ## - DEWEY DECIMAL CLASSIFICATION NUMBER
Classification number WB310 F926r 2009
100 ## - MAIN ENTRY--PERSONAL NAME
Personal name edited by Marlink, Richard G.; Teitelman, Sara J.
9 (RLIN) 6734
245 ## - TITLE STATEMENT
Title From the ground up: building comprehensive HIV/AIDS care programs in resource-limited settings
250 ## - EDITION STATEMENT
Edition statement Vol.2
260 ## - PUBLICATION, DISTRIBUTION, ETC. (IMPRINT)
Place of publication, distribution, etc. Washington DC; Glaser Pediatric AIDS Foundation, 2009
300 ## - PHYSICAL DESCRIPTION
Extent xviii,971p; ill: 25cm
504 ## - BIBLIOGRAPHY, ETC. NOTE
Bibliography, etc References included
650 ## - SUBJECT ADDED ENTRY--TOPICAL TERM
Topical term or geographic name as entry element HIV/AIDS
9 (RLIN) 5887
650 ## - SUBJECT ADDED ENTRY--TOPICAL TERM
Topical term or geographic name as entry element Paliative care
9 (RLIN) 6735
942 ## - ADDED ENTRY ELEMENTS (KOHA)
Source of classification or shelving scheme Other/Generic Classification Scheme
Koha item type Open Shelf
Holdings
Withdrawn status Lost status Source of classification or shelving scheme Damaged status Not for loan Home library Current library Date acquired Source of acquisition Inventory number Total Checkouts Full call number Barcode Date last seen Koha item type
    Other/Generic Classification Scheme     MUST Main Library MUST Main Library 08/02/2016   15/39610   WB310 F926r 2009 2016-0116 08/02/2016 Open Shelf
    Other/Generic Classification Scheme     MUST Main Library MUST Main Library 08/02/2016   15/39611   WB310 F926r 2009 2016-0117 08/02/2016 Open Shelf
    Other/Generic Classification Scheme     MUST Main Library MUST Main Library 08/02/2016   15/39612   WB310 F926r 2009 2016-0118 08/02/2016 Open Shelf
    Other/Generic Classification Scheme     MUST Main Library MUST Main Library 08/02/2016   15/39613   WB310 F926r 2009 2016-0119 08/02/2016 Open Shelf
    Other/Generic Classification Scheme     MUST Main Library MUST Main Library 08/02/2016   15/39626   WB310 F926r 2009 2016-0120 08/02/2016 Open Shelf
    Other/Generic Classification Scheme     MUST Main Library MUST Main Library 08/02/2016   15/39627   WB310 F926r 2009 2016-0121 08/02/2016 Open Shelf
    Other/Generic Classification Scheme     MUST Main Library MUST Main Library 08/02/2016   15/39628   WB310 F926r 2009 2016-0122 08/02/2016 Open Shelf
    Other/Generic Classification Scheme     MUST Main Library MUST Main Library 08/02/2016   15/39629   WB310 F926r 2009 2016-0123 08/02/2016 Open Shelf